000 00687cam a22002053a 4500
001 39845
003 PGUSA
005 20140828083904.0
008 120529s2012||||xxu|||||s|||||000 | eng d
040 _aPGUSA
_beng
042 _adc
100 1 _aPollard, Alfred W.
_q(Alfred William),
_d1859-1944
245 1 0 _aEarly Illustrated Books :
_bA History of the Decoration and Illustration of Books in the 15th and 16th Centuries
_h[electronic resource] /
_cAlfred W. Pollard
260 _bProject Gutenberg,
_c2012
506 _aPublic domain in the USA.
516 _aElectronic text
830 0 _aProject Gutenberg
_v39845
856 4 0 _uhttp://www.gutenberg.org/ebooks/39845
942 _cEB
999 _c269098
_d269098